An examination of ritual abuse laws: an integrative conflict model adaptation for a contemporary analysis of law formation

Guardado en:  
Detalles Bibliográficos
Autor principal: Hodges, Stanley H. (Autor)
Tipo de documento: Print Libro
Lenguaje:Inglés
Publicado: 2006
En:Año: 2006
Verificar disponibilidad: HBZ Gateway
Servicio de pedido Subito: Pedir ahora.
Palabras clave:

MARC

LEADER 00000cam a2200000 c 4500
001 1341487490
003 DE-627
005 20220527120642.0
007 tu
008 070910s2006 xx ||||| m 00| ||eng c
024 8 |a 3245808  |q Order no. 
035 |a (DE-627)1341487490 
035 |a (DE-576)271487496 
035 |a (DE-599)BSZ271487496 
040 |a DE-627  |b ger  |c DE-627  |e rakwb 
041 |a eng 
100 1 |a Hodges, Stanley H.  |4 aut 
245 1 3 |a An examination of ritual abuse laws  |b an integrative conflict model adaptation for a contemporary analysis of law formation  |c by Stanley H. Hodges 
264 1 |c 2006 
300 |a VIII, 215 S.  |b graph. Darst. 
336 |a Text  |b txt  |2 rdacontent 
337 |a ohne Hilfsmittel zu benutzen  |b n  |2 rdamedia 
338 |a Band  |b nc  |2 rdacarrier 
502 |a Stillwater, Oklahoma State Univ., Diss., 2006 
583 1 |a Archivierung prüfen  |c 20200919  |f DE-640  |z 1  |2 pdager 
655 7 |a Hochschulschrift  |0 (DE-588)4113937-9  |0 (DE-627)105825778  |0 (DE-576)209480580  |2 gnd-content 
751 |a Stillwater, Okla.  |0 (DE-588)4192546-4  |0 (DE-627)703023047  |0 (DE-576)216827361  |4 uvp 
935 |a mkri 
951 |a BO 
ELC |b 1 
LOK |0 000 xxxxxcx a22 zn 4500 
LOK |0 001 2549543483 
LOK |0 003 DE-627 
LOK |0 004 1341487490 
LOK |0 005 20070910164610 
LOK |0 008 070910||||||||||||||||ger||||||| 
LOK |0 040   |a DE-Frei85  |c DE-627  |d DE-Frei85 
LOK |0 852   |z Kopie, erschienen im Verlag Univ. Microfilms Internat., Ann Arbor, 2007 
LOK |0 852   |a DE-Frei85 
LOK |0 852 1  |m p  |9 00 
LOK |0 938   |k p 
LOK |0 939   |a 10-09-07  |b l01 
ORI |a SA-MARC-krimdoka001.raw